Ethical Public Administration in Democratic State

Charakteristické znaky tradičnej verejnej správy. Manažment verejnej správy z etického hľadiska. Modelová štruktúra verejnej správy založená na demokratickej morálke a etike.

Saved in:
Bibliographic Details
Main Author: Ondrová, Drahomíra
Format: Book Chapter
Language:English
Subjects:
Tags: Add Tag
No Tags, Be the first to tag this record!

MARC

LEADER 00000nla a2200000 4500
001 0246096
005 20240417075141.1
041 0 |a eng 
044 |a SK 
245 1 0 |a Ethical Public Administration in Democratic State  |c Drahomíra Ondrová 
520 |a Charakteristické znaky tradičnej verejnej správy. Manažment verejnej správy z etického hľadiska. Modelová štruktúra verejnej správy založená na demokratickej morálke a etike. 
610 2 0 |a etika 
610 2 0 |a morálka 
610 2 0 |a správa verejná 
610 2 0 |a správa verejná elektronická 
610 2 0 |a kódexy etické 
610 2 0 |a štát právny 
610 2 0 |a demokracia 
100 1 |a Ondrová, Drahomíra